000 00756nam a2200253Ia 4500
003 OSt
005 20220926012853.0
006 a|||||r|||| 00| 0
007 ta
008 220923b |||||||| |||| 00| 0 eng d
020 _a1572308478
037 _cGeneral Book
040 _aRTL
_cRTL
_beng
041 _2eng
_aeng
082 _aY9(W:5).73.P, P3
100 _aMitchell Don
_9317414
245 0 _aRight to the city
_bSocial Justice and the fight for public space
260 _aNew York
_bGuilford Press
_c2003
300 _aviii, 270p
_ccm.
500 _aBibliography p 239-62
650 _aPolitical Sociology Social Justice
_9233303
942 _hY9(W:5).73.P, P3
_cGB
_2CC
999 _c624544
_d624544